<?xml version="1.0" encoding="UTF-8"?>
<record
    xmlns:xsi="http://www.w3.org/2001/XMLSchema-instance"
    xsi:schemaLocation="http://www.loc.gov/MARC21/slim http://www.loc.gov/standards/marcxml/schema/MARC21slim.xsd"
    xmlns="http://www.loc.gov/MARC21/slim">

  <leader>02279cam a22002895a 4500</leader>
  <controlfield tag="001">18796919</controlfield>
  <controlfield tag="005">20201128024048.0</controlfield>
  <controlfield tag="008">150928s2016    enka   frb    001 0 eng d</controlfield>
  <datafield tag="020" ind1=" " ind2=" ">
    <subfield code="a">9781137500908</subfield>
  </datafield>
  <datafield tag="040" ind1=" " ind2=" ">
    <subfield code="a">DLC</subfield>
    <subfield code="b">eng</subfield>
    <subfield code="c">DLC</subfield>
    <subfield code="d">EG-ScBUE</subfield>
  </datafield>
  <datafield tag="082" ind1="0" ind2="4">
    <subfield code="a">658.802</subfield>
    <subfield code="2">22</subfield>
    <subfield code="b">CHA</subfield>
  </datafield>
  <datafield tag="100" ind1="1" ind2=" ">
    <subfield code="a">Chaston, Ian.</subfield>
    <subfield code="9">39406</subfield>
  </datafield>
  <datafield tag="245" ind1="1" ind2="0">
    <subfield code="a">Entrepreneurial marketing :</subfield>
    <subfield code="b">sustaining growth in all organisations /</subfield>
    <subfield code="c">Ian Chaston.</subfield>
  </datafield>
  <datafield tag="250" ind1=" " ind2=" ">
    <subfield code="a">2nd ed.</subfield>
  </datafield>
  <datafield tag="260" ind1=" " ind2=" ">
    <subfield code="a">London ;</subfield>
    <subfield code="a">New York :</subfield>
    <subfield code="b">Palgrave Macmillan,</subfield>
    <subfield code="c">2016.</subfield>
  </datafield>
  <datafield tag="300" ind1=" " ind2=" ">
    <subfield code="a">xii, 388 p. :</subfield>
    <subfield code="b">ill. ;</subfield>
    <subfield code="c">24 cm.</subfield>
  </datafield>
  <datafield tag="500" ind1=" " ind2=" ">
    <subfield code="a">Index : p. 385-388.</subfield>
  </datafield>
  <datafield tag="504" ind1=" " ind2=" ">
    <subfield code="a">Bibliography : p. 347-384.</subfield>
  </datafield>
  <datafield tag="505" ind1="8" ind2=" ">
    <subfield code="a">Machine generated contents note: -- 1. Entrepreneurship and Market Conventions2. Understanding the Conventional Competitor3. Planning and Visioning4. Entrepreneurial Marketing Strategy5. Identifying Entrepreneurial Opportunities6. Entrepreneurial Competence7. Innovation8. Technology 9. Entrepreneurial Promotion10. Online Promotion11. Social Media12. Blogs, Tweets and Apps13. Entrepreneurial Pricing and Distribution14. Entrepreneurial Service Marketing15. B2B Marketing16. Small Firm Entrepreneurship17. Public Sector.</subfield>
  </datafield>
  <datafield tag="520" ind1=" " ind2=" ">
    <subfield code="a">" It is increasingly apparent that most firms succeed because they are willing to break the rules and act entrepreneurially. The purpose of this text is to examine how this simple trading principle can be applied by any individual in any private or public sector organisation by focusing on the concept of entrepreneurial marketing, across all aspects of the marketing process.  Entrepreneurial Marketing begins by defining the' rules' of marketing as a basis for the entrepreneur to understand what 'rules' need breaking. Subsequent chapters cover the marketing mix, innovation management, and compare large versus small firms. All issues are illustrated with extensive real-world examples throughout. Entrepreneurial Marketing is ideal reading for students and professionals who want an exciting, relevant and innovative approach to, and perspective of, management and marketing.  "--</subfield>
  </datafield>
  <datafield tag="650" ind1=" " ind2="7">
    <subfield code="a">Marketing</subfield>
    <subfield code="x">Management.</subfield>
    <subfield code="2">BUEsh</subfield>
    <subfield code="9">3301</subfield>
  </datafield>
  <datafield tag="650" ind1=" " ind2="7">
    <subfield code="a">Entrepreneurship.</subfield>
    <subfield code="2">BUEsh</subfield>
    <subfield code="9">240</subfield>
  </datafield>
  <datafield tag="650" ind1=" " ind2="7">
    <subfield code="a">Small business marketing.</subfield>
    <subfield code="2">BUEsh</subfield>
  </datafield>
  <datafield tag="651" ind1=" " ind2=" ">
    <subfield code="2">BUEsh</subfield>
  </datafield>
  <datafield tag="653" ind1=" " ind2=" ">
    <subfield code="b">BUSADM</subfield>
    <subfield code="c">December2016</subfield>
  </datafield>
  <datafield tag="942" ind1=" " ind2=" ">
    <subfield code="2">ddc</subfield>
  </datafield>
  <datafield tag="999" ind1=" " ind2=" ">
    <subfield code="c">23537</subfield>
    <subfield code="d">23509</subfield>
  </datafield>
  <datafield tag="952" ind1=" " ind2=" ">
    <subfield code="0">0</subfield>
    <subfield code="1">0</subfield>
    <subfield code="2">ddc</subfield>
    <subfield code="4">0</subfield>
    <subfield code="7">0</subfield>
    <subfield code="8">Alahram</subfield>
    <subfield code="a">MAIN</subfield>
    <subfield code="b">MAIN</subfield>
    <subfield code="c">1ST</subfield>
    <subfield code="d">2016-12-08</subfield>
    <subfield code="e">Purchase</subfield>
    <subfield code="g">491.00</subfield>
    <subfield code="l">0</subfield>
    <subfield code="o">658.802 CHA</subfield>
    <subfield code="p">000040368</subfield>
    <subfield code="r">2025-07-15 00:00:00</subfield>
    <subfield code="v">613.75</subfield>
    <subfield code="y">BB</subfield>
  </datafield>
</record>
